El imperio eres tú

Guardat en:
Dades bibliogràfiques
Autor principal: Moro, Javier (autor)
Format: Llibre
Idioma:espanyol
Publicat: Buenos Aires Planeta 2012
Edició:2a. ed
Col·lecció:Autores Españoles e Iberoamericanos
Matèries:
Etiquetes: Afegir etiqueta
Sense etiquetes, Sigues el primer a etiquetar aquest registre!

MARC

LEADER 00000cam a2200000 a 4500
001 UCG9951
003 CL-VaPUC
008 120420e20120000AG |||||||||||||||||spa|d
020 |a 9789504927594 
082 0 4 |a 863  |b MOR  |2 21 
100 |a Moro, Javier  |e autor  |9 561727 
245 1 3 |a El imperio eres tú 
250 |a 2a. ed 
300 |a 553 p 
942 |c BK 
945 |d 20120420 00:00:00  |a cmena 
260 |a Buenos Aires  |b Planeta  |c 2012 
500 |a Premio Planeta 2011 
500 |a Convertido en emperador de Brasil a los 23 años, Pedro I marcó con su huella la historia de dos continentes. Desmedido y contradictorio, las mujeres fueron su salvación y su perdición: mientras su esposa, la virtuosa Leopoldina de Austria, lo llevó a la cumbre, su amante, la ardiente Domitila de Castro, lo arrastró a la decadencia. Cuando el inmenso Brasil se le hizo pequeñ y el poder dejó de interesarle, puso su vida en juego por aquello que creía justo. Y alcanzó la gloria 
650 0 |a Novelas españolas  |9 265052 
650 0 |a Literatura española  |9 306261 
650 0 |a Novelas históricas   |9 342315 
583 |a last modification  |c 20120420 11:58:00  |k Rodrigo Vera 
490 0 |a Autores Españoles e Iberoamericanos 
999 |c 347477  |d 347475 
952 |0 0  |1 0  |4 0  |6 863_000000000000000_MOR_2012  |7 0  |8 A  |9 448848  |a BIBING  |b BIBING  |d 2019-11-22  |i 4860101  |o 863 MOR 2012  |p 4860101  |r 2025-01-20  |w 2019-11-22  |y BK  |k CUI 
952 |0 0  |1 0  |4 0  |6 863_000000000000000_MOR_2012  |7 0  |8 A  |9 448849  |a BIBING  |b BIBING  |d 2019-11-22  |i 4971892  |o 863 MOR 2012  |p 4971892  |r 2025-01-20  |w 2019-11-22  |y BK  |k CUI